000 04334cam a2200517 i 4500
999 _c9442
_d9442
001 18774023
003 GZU
005 20210615115021.0
008 150908s2015 enk b 001 0 eng d
010 _a 2015951318
020 _a9780199668687
_q(hardback)
020 _a019966868X
_q(hardback)
024 3 _a9780199668687
035 _a(OCoLC)ocn894310763
040 _aBTCTA
_beng
_cBTCTA
_erda
_dYDXCP
_dBDX
_dCDX
_dCUD
_dOCLCO
_dOCLCF
_dEYM
_dIQU
_dMUU
_dDEBSZ
_dSINLB
_dGUB
_dDLC
042 _alccopycat
050 0 0 _aJV6035
_b.O74 2015
082 0 4 _a304.8
_223
100 1 _aOrgad, Liʼav,
_eauthor.
245 1 4 _aThe cultural defense of nations :
_ba liberal theory of majority rights /
_cLiav Orgad.
246 3 0 _aLiberal theory of majority rights
246 3 0 _aMajority rights
250 _aFirst edition.
264 1 _aOxford, United Kingdom ;
_aNew York, NY :
_bOxford University Press,
_c2015.
300 _axxii, 273 pages ;
_c24 cm.
336 _atext
_btxt
_2rdacontent
337 _aunmediated
_bn
_2rdamedia
338 _avolume
_bnc
_2rdacarrier
490 1 _aOxford constitutional theory
504 _aIncludes bibliographical references (pages 237-265) and indexes.
505 0 _aIntroduction: citizen makers -- Part I: Before the Majority Becomes the Minority -- New challenge -- Demographic anxiety -- Cultural defense -- Part II: Legitimate and Illegitimate Defense -- Illiberal liberalism -- Majority rights -- National constitutionalism -- Conclusion: immigration policy and constitutional identity.
520 8 _aAddressing one of the greatest challenges facing liberalism today, this book asks if is it legally and morally defensible for a liberal state to restrict immigration in order to preserve the cultural rights of majority groups. Orgad proposes a liberal approach to this dilemma and explores its dimensions, justifications, and limitations.
520 _a"The changing patterns of contemporary immigration have initiated a new form of majority nationalism. In recent years, liberal democracies have introduced immigration and citizenship policies that are designed to defend the majority culture. This trend is fed by fears of immigration-some justified, some paranoid-which explain the rise of extreme right-wing parties in the West. Liberal theory and human rights law seem to be out of sync with these developments. While they recognize the rights of minority groups to maintain their cultural identity, it is typically assumed that majority groups have neither a need for similar rights nor a moral basis for defending them. The majority culture, so the argument goes, "can take care of itself." This singular book shifts the focus from the prevailing discussion of minority rights and, for the first time, directly addresses the cultural rights of majorities. The findings reveal a troubling trend in liberal democracies, which, ironically, in order to protect liberal values, violate the very same values. The book criticizes this state of affairs and presents a liberal theory of cultural defense that distinguishes between justifiable and unjustifiable attempts by majorities to protect their cultural essentials. It formulates liberal standards by which liberal states can welcome immigrants without fundamentally changing their cultural heritage, forsaking their liberal traditions, or slipping into extreme nationalism." -- Publisher's website.
650 0 _aEmigration and immigration.
650 0 _aImmigrants
_xCultural assimilation.
650 7 _aEmigration and immigration.
_2fast
_0(OCoLC)fst00908690
650 7 _aImmigrants
_xCultural assimilation.
_2fast
_0(OCoLC)fst00967721
830 0 _aOxford constitutional theory.
856 4 2 _3Contributor biographical information
_uhttps://www.loc.gov/catdir/enhancements/fy1614/2015951318-b.html
856 4 2 _3Publisher description
_uhttps://www.loc.gov/catdir/enhancements/fy1614/2015951318-d.html
856 4 1 _3Table of contents only
_uhttps://www.loc.gov/catdir/enhancements/fy1614/2015951318-t.html
906 _a7
_bcbc
_ccopycat
_d2
_eepcn
_f20
_gy-gencatlg
942 _2lcc
_cBK
_h6035
_iORG
_kHV
_m2015